Caste in a changing world (Record no. 180027)

MARC details
000 -LEADER
fixed length control field 00598nam a2200229Ia 4500
003 - CONTROL NUMBER IDENTIFIER
control field OSt
005 - DATE AND TIME OF LATEST TRANSACTION
control field 20260627092908.0
008 - FIXED-LENGTH DATA ELEMENTS--GENERAL INFORMATION
fixed length control field 210707s1977 xx 000 0 und d
040 ## - CATALOGING SOURCE
Transcribing agency AL
041 ## - LANGUAGE CODE
Language code of text/sound track or separate title eng
082 ## - DEWEY DECIMAL CLASSIFICATION NUMBER
Classification number 305.6945 CONC
100 ## - MAIN ENTRY--PERSONAL NAME
Personal name Conlon, Frank F
9 (RLIN) 266022
245 ## - TITLE STATEMENT
Title Caste in a changing world
260 ## - PUBLICATION, DISTRIBUTION, ETC.
Place of publication, distribution, etc. New Delhi
Name of publisher, distributor, etc. Thomson Press (India) Ltd
Date of publication, distribution, etc. 1977
300 ## - PHYSICAL DESCRIPTION
Extent xv,255 p
365 ## - TRADE PRICE
Price amount 80
Currency code INR
563 ## - BINDING INFORMATION
Binding note HB
650 ## - SUBJECT ADDED ENTRY--TOPICAL TERM
Topical term or geographic name entry element Social Groups
9 (RLIN) 266023
651 ## - SUBJECT ADDED ENTRY--GEOGRAPHIC NAME
Source of heading or term The Chitrapur Saraswat Brahmans 1700-1935
906 ## - LOCAL DATA ELEMENT F, LDF (RLIN)
a Chitrapur Saraswat Brahmans
942 ## - ADDED ENTRY ELEMENTS (KOHA)
Source of classification or shelving scheme Dewey Decimal Classification
Koha item type Book
Holdings
Withdrawn status Lost status Source of classification or shelving scheme Damaged status Not for loan Collection code Home library Current library Shelving location Date acquired Cost, normal purchase price Total Checkouts Full call number Barcode Date last seen Price effective from Koha item type
    Dewey Decimal Classification     Sociology St Aloysius Library St Aloysius Library Secondary stack section 11/05/1977 80.00   305.6945 CONC BB03720 07/08/2021 07/08/2021 Book Bank